000 00693nam a2200205Ii 4500
003 JO-AjNU
008 230605s9999||||xx |||||||||||||| ||und||
040 _aJO-AjNU
_bara
_erda
_cJO-AjNU
041 _aara
050 1 4 _aHV10.5 .M3342 1982
100 3 _aحسن، محمود,
_eauthor
_98880
245 0 0 _aالخدمات الاجتماعية المقارنة
250 _aط3
264 3 1 _aبيروت: دار النهضة العربية، 1982
300 _a334ص
_bيحتوي على ببلوغرافية من 327-334ص
336 _atext
_btxt
_2rdacontent
337 _aunmediated
_bn
_2rdamedia
338 _avolume
_bnc
_2rdacarrier
650 4 _a الخدمة الاجتماعية
_98881
999 _aA1014
_c4582
_d4582